Defensa de lo contemporáneo : (Record no. 192158)

MARC details
000 -LEADER
campo de control de longitud fija 01283nam a2200325 i 4500
001 - NÚMERO DE CONTROL
campo de control 192158
003 - IDENTIFICADOR DE NÚMERO DE CONTROL
campo de control ES-MaACL
005 - FECHA Y HORA DE LA ÚLTIMA TRANSACCIÓN
campo de control 20250720091904.0
008 - DATOS DE LONGITUD FIJA--INFORMACIÓN GENERAL
campo de control de longitud fija 221107s2022 sp a | |||| 000 0dspa
017 ## - NÚMERO DE COPYRIGHT O DE DEPÓSITO LEGAL
Número de copyright o de depósito legal M 5886-2022
020 ## - NÚMERO INTERNACIONAL ESTÁNDAR DEL LIBRO
Número Internacional Estándar del Libro 978-84-18981-36-4
040 ## - FUENTE DE CATALOGACIÓN
Centro/agencia transcriptor ES-MaACL
080 ## - NÚMERO DE LA CLASIFICACIÓN DECIMAL UNIVERSAL
Número de la Clasificación Decimal Universal 929:37 Pardo Bazán, Emilia
100 1# - ENTRADA PRINCIPAL--NOMBRE DE PERSONA
Nombre de persona Lucía Megías, José Manuel,
Fechas asociadas al nombre 1967-
Término indicativo de función/relación Autor
9 (RLIN) 240291
245 10 - MENCIÓN DEL TÍTULO
Título Defensa de lo contemporáneo :
Resto del título Emilia Pardo Bazán, catedrática de la Universidad Central (1918-1921) /
Mención de responsabilidad, etc. José Manuel Lucía Megías.
250 ## - MENCION DE EDICION
Mención de edición 1ª edición
260 ## - PUBLICACIÓN, DISTRIBUCIÓN, ETC.
Lugar de publicación, distribución, etc. Madrid :
Nombre del editor, distribuidor, etc. Guillermo Escolar,
Fecha de publicación, distribución, etc. 2022.
300 ## - DESCRIPCIÓN FÍSICA
Extensión 387 páginas :
Otras características físicas ilustraciones (blanco y negro) ;
Dimensiones 23 cm.
490 1# - MENCIÓN DE SERIE
Mención de serie Análisis y crítica
500 ## - NOTA GENERAL
Nota general Apéndice documental
504 ## - NOTA DE BIBLIOGRAFÍA, ETC.
Nota de bibliografía, etc. Bibliografía: páginas 373-376.
505 ## - NOTA DE CONTENIDO CON FORMATO
Nota de contenido con formato Contiene: Textos de Emilia Pardo Bazán, páginas 177-243
600 14 - PUNTO DE ACCESO ADICIONAL DE MATERIA--NOMBRE DE PERSONA
Nombre de persona Pardo Bazán, Emilia,
Títulos y otros términos asociados al nombre Condesa de,
Fechas asociadas al nombre 1851-1921-
Subdivisión general Biografías
9 (RLIN) 173051
700 1# - ENTRADA AGREGADA--NOMBRE PERSONAL
Nombre de persona Pardo Bazán, Emilia,
Títulos y otros términos asociados al nombre Condesa de,
Fechas asociadas al nombre 1851-1921
Término indicativo de función/relación Autor
9 (RLIN) 176434
830 1# - PUNTO DE ACCESO ADICIONAL DE SERIE-TÍTULO UNIFORME
Título uniforme Análisis y crítica
9 (RLIN) 193556
852 4# - LOCALIZACIÓN
Ubicación ES-MaACL
Número de control de estantería N-8051
itemnumber 199440
Ubicación en estantería Depósito J
Sublocalización o colección R. 153374
Donativo/Legado Donación: Editorial
942 ## - ELEMENTOS DE ENTRADA SECUNDARIOS (KOHA)
Tipo de ítem Koha Libro impreso
Suprimir en OPAC No
Holdings
Estatus retirado Estado de pérdida Fuente del sistema de clasificación o colocación Estado de daño No para préstamo Biblioteca de origen Biblioteca actual Ubicación en estantería Fecha de adquisición Fuente de adquisición Número de control de estantería Total de préstamos Signatura topográfica completa Código de barras Visto por última vez Tipo de ítem Koha
    Clasificación decimal universal     Biblioteca del Ateneo de Madrid Biblioteca del Ateneo de Madrid Depósito J 07/11/2022 Donación Ateneísta   N-8051 101206494 23/02/2023 Libro impreso